[Event "Int. Stuttgarter Stadtmeisterschaft B"]
[Site "Ditzingen"]
[Date "2018.05.10"]
[Round "1.1"]
[White "Unger, Franz"]
[Black "Taghiani, Afschin"]
[Result "1-0"]
[WhiteElo "1978"]
[BlackElo "1826"]
[PlyCount "73"]
[EventDate "2018.??.??"]
[WhiteTeam "SK Sachsenheim"]
[BlackTeam "Stuttgarter SF"]

1. e4 e6 2. d4 d5 3. Nc3 Nf6 4. e5 Nfd7 5. f4 c5 6. Nf3 cxd4 7. Nxd4 Nc6 8. Be3
Bc5 9. Qd2 Nxd4 10. Bxd4 Bxd4 11. Qxd4 Qb6 12. Qd2 Qxb2 13. Rb1 Qa3 14. Nb5 Qc5
15. Nd6+ Ke7 16. Rb5 Qa3 17. Be2 b6 18. O-O Ba6 19. Rb3 Qc5+ 20. Kh1 Bxe2 21.
Qxe2 g6 22. Rc1 Qd4 23. Rf3 Nc5 24. f5 Ne4 25. fxe6 Qxe5 26. Nxe4 Qxe4 27.
Rxf7+ Kxe6 28. Qf2 Qe5 29. Rf3 Kd6 30. Re1 Qg5 31. h4 Qg4 32. Rf6+ Kd7 33. Rf7+
Kd6 34. Qf6+ Kc5 35. Rc7+ Kb5 36. Rb1+ Ka6 37. Qf1+ 1-0

[Event "Int. Stuttgarter Stadtmeisterschaft B"]
[Site "Ditzingen"]
[Date "2018.05.10"]
[Round "1.2"]
[White "Schmedemann, Jörg"]
[Black "Winkler, Tim"]
[Result "0-1"]
[WhiteElo "1660"]
[BlackElo "1903"]
[PlyCount "42"]
[EventDate "2018.??.??"]
[WhiteTeam "SSV Zuffenhausen"]
[BlackTeam "SF Deizisau"]

1. e4 d6 2. d4 g6 3. Nf3 Bg7 4. Be2 a6 5. c3 Nd7 6. Nbd2 c5 7. O-O Ngf6 8. Qc2
b5 9. b3 Qc7 10. Bb2 cxd4 11. Nxd4 Bb7 12. Rac1 O-O 13. Rfe1 Rfe8 14. c4 Qc5
15. Qb1 b4 16. h3 Qb6 17. Bf1 Nc5 18. e5 dxe5 19. Rxe5 Nfe4 20. Rxe4 Nxe4 21.
N2f3 e5 0-1

[Event "Int. Stuttgarter Stadtmeisterschaft B"]
[Site "Ditzingen"]
[Date "2018.05.10"]
[Round "1.3"]
[White "Jantos, Stefan"]
[Black "Steinmassl, Guido"]
[Result "1-0"]
[WhiteElo "1831"]
[BlackElo "1630"]
[PlyCount "109"]
[EventDate "2018.??.??"]
[WhiteTeam "SF Oeffingen"]
[BlackTeam "SK Gerlingen"]

1. e4 e5 2. Nf3 Nc6 3. d4 exd4 4. Nxd4 d6 5. Nc3 Nf6 6. Bc4 Be7 7. O-O O-O 8.
h3 Re8 9. Be3 Bf8 10. Bg5 Ne5 11. Bb3 h6 12. Bxf6 gxf6 13. Qh5 Be6 14. Nf5 c6
15. Nxh6+ Bxh6 16. Qxh6 Bxb3 17. axb3 Ng6 18. Rfd1 a6 19. Rd3 Qe7 20. Rad1 Rad8
21. Qd2 Qe5 22. Rxd6 Rc8 23. Qd4 Kg7 24. Rd7 Qg5 25. Ne2 Ne5 26. Rd3 Nxd3 27.
Qxd3 Qe5 28. Ng3 Rc7 29. Nf5+ Kg6 30. Qe3 Rh8 31. Qf3 Rh5 32. Ne7+ Kg7 33. Rxc7
Qxc7 34. Qxh5 Qxe7 35. Qf3 Qb4 36. Kh2 Qd2 37. Qc3 Qd7 38. Qg3+ Kf8 39. Qf4 Ke7
40. h4 Qd4 41. c3 Qb6 42. b4 a5 43. e5 fxe5 44. Qxe5+ Kd7 45. Qf5+ Ke8 46. Qxa5
Qxf2 47. Qa8+ Kd7 48. Qxb7+ Kd6 49. Qb8+ Kd7 50. Qg3 Qxb2 51. h5 Qe2 52. h6 Ke8
53. Qg8+ Ke7 54. Qg5+ Ke8 55. h7 1-0

[Event "Int. Stuttgarter Stadtmeisterschaft B"]
[Site "Ditzingen"]
[Date "2018.05.10"]
[Round "1.4"]
[White "Fechner, Andreas"]
[Black "Stark, Timo"]
[Result "1-0"]
[WhiteElo "1727"]
[BlackElo "1865"]
[PlyCount "101"]
[EventDate "2018.??.??"]
[WhiteTeam "SC Magstadt"]
[BlackTeam "SC Neckarsulm"]

1. d4 b6 2. c4 Bb7 3. Nc3 e6 4. e3 Nf6 5. Nf3 Be7 6. g3 d5 7. cxd5 Nxd5 8. Nxd5
Qxd5 9. Bg2 Qh5 10. O-O Nd7 11. Nd2 Qxd1 12. Rxd1 Bxg2 13. Kxg2 c5 14. Nf3 Bf6
15. b3 O-O-O 16. Bb2 Rhe8 17. Rac1 Kb7 18. Ba3 Be7 19. dxc5 Nxc5 20. Bxc5 bxc5
21. Ne5 f6 22. Nc4 Rd5 23. e4 Rd4 24. Rxd4 cxd4 25. Na5+ Kb6 26. Nc4+ Kb5 27.
f4 Rd8 28. Rd1 Bb4 29. Rd3 a5 30. a4+ Kc5 31. h4 Rb8 32. Rd1 Bc3 33. Rb1 d3 34.
Kf3 Kd4 35. Ne3 Bd2 36. Nd1 Rc8 37. Nb2 Rc2 38. Nc4 Bb4 39. Ne3 Kc3 40. Rd1 d2
41. Nxc2 Kxc2 42. Ke2 Kxb3 43. Ra1 Bc3 44. Rb1+ Kxa4 45. Kd3 Bb4 46. Kc4 Ka3
47. Kd3 Ka2 48. Kc2 h5 49. f5 exf5 50. exf5 Ka3 51. Ra1# 1-0

[Event "Int. Stuttgarter Stadtmeisterschaft B"]
[Site "Ditzingen"]
[Date "2018.05.10"]
[Round "1.5"]
[White "Oliva, Jan"]
[Black "Ziegler, Michael"]
[Result "1-0"]
[WhiteElo "1841"]
[BlackElo "1663"]
[PlyCount "63"]
[EventDate "2018.??.??"]
[BlackTeam "SF Kornwestheim"]

1. c4 e5 2. Nc3 Nf6 3. e4 Nc6 4. g3 Bc5 5. Bg2 Nd4 6. Nge2 c6 7. d3 O-O 8. Be3
Nxe2 9. Qxe2 Bxe3 10. fxe3 d6 11. O-O Qb6 12. Rae1 Be6 13. b3 Qb4 14. Qb2 a5
15. Na4 d5 16. exd5 cxd5 17. Qxe5 dxc4 18. dxc4 Bxc4 19. bxc4 Qxa4 20. Qg5 Ra6
21. e4 Qxc4 22. e5 Qc5+ 23. Kh1 b5 24. Rc1 Qd4 25. exf6 Rxf6 26. Rxf6 Qxf6 27.
Qxb5 g6 28. Qxa5 Qb2 29. Rf1 Qe2 30. Qd5 Qa6 31. Qb3 Kg7 32. a3 1-0

[Event "Int. Stuttgarter Stadtmeisterschaft B"]
[Site "Ditzingen"]
[Date "2018.05.10"]
[Round "1.6"]
[White "Old, Stefan"]
[Black "Bitzenauer, Sebastian"]
[Result "0-1"]
[WhiteElo "1526"]
[BlackElo "1880"]
[PlyCount "70"]
[EventDate "2018.??.??"]
[WhiteTeam "SF Illingen"]
[BlackTeam "SV Altbach"]

1. d4 Nf6 2. Nf3 e6 3. c4 Bb4+ 4. Bd2 a5 5. a3 Be7 6. Nc3 b6 7. e4 d6 8. Bd3 c5
9. d5 e5 10. O-O O-O 11. Nb5 Ne8 12. Qc2 Na6 13. Be3 Nac7 14. Nc3 Bd7 15. Nd2
g6 16. f4 f6 17. Rf2 Ng7 18. Raf1 Qe8 19. Nf3 Qd8 20. fxe5 dxe5 21. Qd2 Nce8
22. Bh6 Nd6 23. a4 Qc7 24. b3 Rf7 25. h3 Raf8 26. Qe2 Nc8 27. Nh2 Bd6 28. Ng4
f5 29. exf5 gxf5 30. Nb5 Bxb5 31. Bxf5 Rxf5 32. Rxf5 Rxf5 33. Rxf5 Nxf5 34.
Nf6+ Kh8 35. Qg4 Nxh6 0-1

[Event "Int. Stuttgarter Stadtmeisterschaft B"]
[Site "Ditzingen"]
[Date "2018.05.10"]
[Round "1.7"]
[White "Kaufhold, Stephan"]
[Black "Duran, Suat"]
[Result "1-0"]
[WhiteElo "1857"]
[BlackElo "1687"]
[PlyCount "121"]
[EventDate "2018.??.??"]
[WhiteTeam "SC Böblingen"]
[BlackTeam "SV Dicker Turm Esslingen"]

1. d4 d5 2. e4 dxe4 3. Nc3 e6 4. Nxe4 Nf6 5. Nxf6+ Qxf6 6. Nf3 h6 7. Bd3 Bd6 8.
O-O O-O 9. Qe2 Nc6 10. Qe4 Qf5 11. c3 Qxe4 12. Bxe4 Ne7 13. Nd2 c6 14. Nc4 Bc7
15. a4 Nd5 16. g3 a5 17. f4 Bd7 18. Bd2 Rfd8 19. Ne5 Be8 20. Nd3 Nf6 21. Bg2
Nd7 22. Rae1 Rab8 23. b3 Bb6 24. f5 exf5 25. Rxf5 f6 26. Rf3 Bg6 27. Bf4 Rbc8
28. Kf1 Bc7 29. Bxc7 Rxc7 30. Nf4 Bf7 31. Ne6 Bxe6 32. Rxe6 Nf8 33. Re1 Kf7 34.
Rfe3 Ng6 35. Bh3 Ne7 36. Be6+ Kf8 37. Rd3 c5 38. d5 Rd6 39. Re4 Ng6 40. Rf3 Ne7
41. c4 Ng8 42. h4 h5 43. Re5 g6 44. Re4 Kg7 45. Ref4 f5 46. Bxg8 Kxg8 47. Re3
Kf7 48. Rf2 Rb6 49. Rfe2 Rd6 50. Kf2 b6 51. Kf3 Rcd7 52. Kf4 Rf6 53. Re6 Rd6
54. Re7+ Kf8 55. Re8+ Kg7 56. R2e7+ Rf7 57. Ke5 Rdf6 58. d6 f4 59. d7 Rf5+ 60.
Ke4 fxg3 61. Rxf7+ 1-0

[Event "Int. Stuttgarter Stadtmeisterschaft B"]
[Site "Ditzingen"]
[Date "2018.05.10"]
[Round "1.8"]
[White "Weigel, Curt"]
[Black "Lang, Thomas"]
[Result "0-1"]
[WhiteElo "1810"]
[BlackElo "1796"]
[PlyCount "148"]
[EventDate "2018.??.??"]
[WhiteTeam "SC Magstadt"]
[BlackTeam "SG Schwäbisch Gmünd"]

1. c4 Nf6 2. Nc3 g6 3. g3 Bg7 4. Bg2 d6 5. Rb1 O-O 6. Nf3 c6 7. O-O e5 8. d3
Be6 9. b4 Qc7 10. b5 Nbd7 11. Ne1 d5 12. Ba3 Rfc8 13. cxd5 Nxd5 14. Rc1 Qa5 15.
Nxd5 cxd5 16. Nc2 Qxb5 17. Ne3 Nb6 18. Rxc8+ Rxc8 19. Qb1 Qxb1 20. Rxb1 Bf8 21.
Bxf8 Kxf8 22. a3 Rc7 23. h3 d4 24. Ng4 Bxg4 25. hxg4 Ke7 26. f4 f6 27. Kf2 Kd8
28. Rb5 Re7 29. Rb4 h6 30. a4 Kc8 31. a5 Na8 32. a6 Kb8 33. axb7 Nb6 34. Rb1 g5
35. f5 Rd7 36. Rh1 Rh7 37. Rc1 Rc7 38. Rh1 Rh7 39. Be4 Na4 40. Rc1 Nc3 41. Bg2
Rc7 42. Rh1 Rh7 43. Ra1 Nb5 44. Ra6 Rf7 45. Re6 Nc7 46. Rd6 Rf8 47. Rd7 a5 48.
Rh7 Nb5 49. Rxh6 a4 50. Rh1 Nc3 51. Ra1 Rd8 52. Bc6 Rd6 53. Bf3 Ka7 54. Rh1 Rd8
55. e3 a3 56. Ra1 a2 57. Bd1 Kxb7 58. Bb3 Ra8 59. exd4 exd4 60. Ke1 Re8+ 61.
Kf1 Re2 62. Bd5+ Kc7 63. Bxa2 Rxa2 64. Rxa2 Nxa2 65. Ke2 Kd6 66. Kf3 Kd5 67.
Ke2 Nc3+ 68. Kd2 Kc5 69. Kc1 Kb4 70. Kb2 Ne2 71. Kc2 Nxg3 72. Kd2 Nxf5 73. gxf5
Kb3 74. Ke2 Kc2 0-1

[Event "Int. Stuttgarter Stadtmeisterschaft B"]
[Site "Ditzingen"]
[Date "2018.05.10"]
[Round "1.9"]
[White "Rüger, Alexander"]
[Black "Volk, Oskar"]
[Result "0-1"]
[WhiteElo "1846"]
[BlackElo "1617"]
[PlyCount "70"]
[EventDate "2018.??.??"]
[WhiteTeam "SF Pfullingen"]
[BlackTeam "SC Grunbach"]

1. d4 d6 2. e3 c6 3. Bd3 Nf6 4. f4 Bg4 5. Nf3 Nbd7 6. h3 Bxf3 7. Qxf3 e5 8. O-O
Be7 9. b3 O-O 10. Bb2 Qc7 11. Nd2 exd4 12. Bxd4 d5 13. g4 Nc5 14. Bf5 Ne6 15.
Bc3 Rad8 16. g5 Nd7 17. h4 Ndc5 18. Qh3 d4 19. Bb2 dxe3 20. Nc4 e2 21. Rfe1
Nxf4 22. Qf3 Bd6 23. Nxd6 Qxd6 24. Qc3 f6 25. Qc4+ Nd5 26. Rxe2 fxg5 27. Be5
Qh6 28. hxg5 Qxg5+ 29. Bg4 Ne6 30. Kh1 Nef4 31. Bxf4 Qxg4 32. Rg1 Qxf4 33. Qd3
Qf3+ 34. Reg2 Ne3 35. Qe2 Qxe2 0-1

[Event "Int. Stuttgarter Stadtmeisterschaft B"]
[Site "Ditzingen"]
[Date "2018.05.10"]
[Round "1.10"]
[White "Tsagkas, Ilias"]
[Black "Radek, Dieter"]
[Result "0-1"]
[WhiteElo "1592"]
[BlackElo "1878"]
[PlyCount "86"]
[EventDate "2018.??.??"]
[WhiteTeam "TSV/RSK Esslingen"]
[BlackTeam "SV Reutlingen"]

1. d4 Nf6 2. Nf3 e6 3. c3 b6 4. Bf4 Bb7 5. Nbd2 c5 6. Nc4 d5 7. Nce5 Be7 8. e3
O-O 9. Bd3 Ne4 10. Qc2 f6 11. Nc4 Nd7 12. Ncd2 f5 13. Ne5 Ndf6 14. Bxe4 fxe4
15. f3 cxd4 16. exd4 Nh5 17. Be3 Bg5 18. Bxg5 Qxg5 19. O-O-O e3 20. Nb3 e2+ 21.
Rd2 Qxg2 22. Re1 Ba6 23. Nd3 Bxd3 24. Qxd3 Nf4 25. Qe3 Rae8 26. Kb1 Qg6+ 27.
Ka1 Ng2 28. Qxe2 Nxe1 29. Qxe1 Rxf3 30. Re2 Ref8 31. Nd2 R3f6 32. a3 h6 33. Re5
Qg4 34. Ka2 Rg6 35. Qe3 Rff6 36. Qd3 Rg5 37. Re3 Qf5 38. Qa6 Rg2 39. Re5 Qc2
40. Rxe6 Rxd2 41. Rxb6 Rxb6 42. Qc8+ Kh7 43. Qf5+ Qxf5 0-1

[Event "Int. Stuttgarter Stadtmeisterschaft B"]
[Site "Ditzingen"]
[Date "2018.05.10"]
[Round "1.11"]
[White "Schmitz, Tim"]
[Black "Schmitz, Harald"]
[Result "1/2-1/2"]
[WhiteElo "1849"]
[BlackElo "1679"]
[PlyCount "41"]
[EventDate "2018.??.??"]
[WhiteTeam "SC Sendling"]
[BlackTeam "SC Aidlingen"]

1. e4 e6 2. d4 d5 3. Nc3 Bb4 4. e5 c5 5. a3 Bxc3+ 6. bxc3 Ne7 7. Qg4 Qc7 8. Bd3
cxd4 9. Ne2 dxc3 10. Qxg7 Rg8 11. Qxh7 Qxe5 12. Bf4 Qg7 13. Qxg7 Rxg7 14. Be5
Rxg2 15. Ng3 Nbc6 16. Bxc3 e5 17. h3 e4 18. Bf1 Rxg3 19. fxg3 Be6 20. Bg2 Nf5
21. O-O-O 1/2-1/2

[Event "Int. Stuttgarter Stadtmeisterschaft B"]
[Site "Ditzingen"]
[Date "2018.05.10"]
[Round "1.12"]
[White "Thomas, Leonhard"]
[Black "Schäfer, Daniel"]
[Result "1-0"]
[WhiteElo "1642"]
[BlackElo "1739"]
[PlyCount "95"]
[EventDate "2018.??.??"]
[WhiteTeam "SV Fellbach"]
[BlackTeam "Heilbronner SV"]

1. e4 e6 2. d4 d5 3. Nc3 dxe4 4. Nxe4 Nd7 5. Nf3 Ngf6 6. Bd3 Nxe4 7. Bxe4 Nf6
8. Bg5 Be7 9. Bxf6 Bxf6 10. c3 c6 11. Qc2 Qc7 12. O-O g6 13. c4 O-O 14. Rad1 b6
15. Qb3 Bb7 16. Rd2 Qf4 17. Qe3 Qxe3 18. fxe3 Bg7 19. Ng5 h6 20. Nf3 Rfd8 21.
b3 f5 22. Bc2 Rd7 23. e4 Rad8 24. Rfd1 Kf7 25. Kf2 c5 26. d5 fxe4 27. Bxe4 exd5
28. Bxd5+ Bxd5 29. Rxd5 Rxd5 30. Rxd5 Rxd5 31. cxd5 g5 32. g4 b5 33. Nd2 Ke7
34. Ne4 Be5 35. h3 a6 36. Ke2 Bd4 37. Kd3 Kd7 38. b4 Be5 39. bxc5 a5 40. Nc3 b4
41. Nb5 Bg3 42. Kc4 Kc8 43. d6 Kd7 44. Kd5 a4 45. c6+ Kd8 46. c7+ Kd7 47. Na7
Bxd6 48. c8=Q+ 1-0

[Event "Int. Stuttgarter Stadtmeisterschaft B"]
[Site "Ditzingen"]
[Date "2018.05.10"]
[Round "1.13"]
[White "Muratovic, Hajrudin"]
[Black "Kußmann, Alexander"]
[Result "1-0"]
[WhiteElo "1858"]
[BlackElo "1700"]
[PlyCount "110"]
[EventDate "2018.??.??"]
[WhiteTeam "SC Schachmatt Botnang"]
[BlackTeam "SC Aidlingen"]

1. d4 c5 2. d5 e6 3. c4 g6 4. Nf3 Bg7 5. e4 exd5 6. cxd5 d6 7. Bb5+ Bd7 8. Be2
Ne7 9. Nc3 a6 10. O-O b5 11. a3 Bg4 12. Bf4 O-O 13. Ng5 Bxe2 14. Qxe2 h6 15.
Nf3 Re8 16. Qd2 Kh7 17. Rae1 Ng8 18. e5 dxe5 19. Nxe5 Bxe5 20. Bxe5 Nd7 21. Bg3
Nb6 22. Rxe8 Qxe8 23. Re1 Qd7 24. d6 Re8 25. Ne4 Qc6 26. f3 f5 27. Nc3 Rxe1+
28. Qxe1 b4 29. axb4 cxb4 30. Ne2 a5 31. Nd4 Qd5 32. Ne6 Nd7 33. Nc7 Qc5+ 34.
Kh1 Qd4 35. Qe6 Nf8 36. Qf7+ Qg7 37. Qd5 Qxb2 38. h4 Qg7 39. Be5 Qd7 40. Qxa5
b3 41. Qd5 h5 42. Qxb3 Nh6 43. Nd5 Ng8 44. Qc4 Ne6 45. Nb6 Qe8 46. d7 Qe7 47.
g3 Nf8 48. Qd5 Ne6 49. Nc8 Qb4 50. Kg2 Nd8 51. Nd6 Ne7 52. Qd3 Qc5 53. Bf6 Nec6
54. Ne8 Ne5 55. Qd2 Qc7 1-0

[Event "Int. Stuttgarter Stadtmeisterschaft B"]
[Site "Ditzingen"]
[Date "2018.05.10"]
[Round "1.14"]
[White "Hrsak, Marco"]
[Black "Engelhardt, Frank"]
[Result "1/2-1/2"]
[WhiteElo "1609"]
[BlackElo "1803"]
[PlyCount "51"]
[EventDate "2018.??.??"]
[WhiteTeam "SV Reutlingen"]
[BlackTeam "SC Schachmatt Botnang"]

1. e4 e5 2. Nf3 Nc6 3. Bb5 Nf6 4. d3 d6 5. c3 Bd7 6. Ba4 Be7 7. h3 O-O 8. O-O
Na5 9. Bc2 c5 10. Nbd2 Nc6 11. a4 Qc7 12. Nc4 d5 13. exd5 Nxd5 14. Re1 f6 15.
Bb3 Be6 16. d4 Rad8 17. Bd2 cxd4 18. cxd4 Kh8 19. dxe5 fxe5 20. Ncxe5 Nxe5 21.
Rxe5 Bg8 22. Rc1 Qd6 23. Re4 Bf6 24. Qc2 h6 25. Ree1 Bh7 26. Qc5 1/2-1/2

[Event "Int. Stuttgarter Stadtmeisterschaft B"]
[Site "Ditzingen"]
[Date "2018.05.10"]
[Round "1.15"]
[White "Rühl, Volker"]
[Black "Winkler, Robert"]
[Result "1-0"]
[WhiteElo "1801"]
[BlackElo "1612"]
[PlyCount "115"]
[EventDate "2018.??.??"]
[WhiteTeam "VfL Sindelfingen"]
[BlackTeam "SK Neuburg"]

1. e4 e6 2. d4 d5 3. Nd2 dxe4 4. Nxe4 Bd7 5. Nf3 Bc6 6. Bd3 Nd7 7. c4 Ngf6 8.
Nc3 Be7 9. O-O O-O 10. Bf4 b6 11. Qe2 Bb7 12. Rfe1 c6 13. h3 Re8 14. Rad1 Nf8
15. Ne5 Qc7 16. Ng6 Bd6 17. Bxd6 Qxd6 18. Ne5 Qc7 19. Bc2 a6 20. Rd3 Rad8 21.
Red1 c5 22. dxc5 Rxd3 23. Rxd3 Qxc5 24. a3 Qc7 25. Rd4 Rd8 26. Qe3 Rxd4 27.
Qxd4 N8d7 28. Nxd7 Nxd7 29. Be4 h6 30. b4 Bc6 31. Bxc6 Qxc6 32. f4 f5 33. Kf2
Kf7 34. b5 axb5 35. Nxb5 Qc5 36. Qxc5 bxc5 37. Ke3 e5 38. fxe5 Nxe5 39. Kf4 Kf6
40. Nd6 g6 41. a4 Ke6 42. Nb7 g5+ 43. Kg3 f4+ 44. Kf2 Nxc4 45. Nxc5+ Kd5 46.
Nb3 Ne5 47. a5 Kc4 48. a6 Nc6 49. Na5+ Kb5 50. Nxc6 Kxc6 51. Kf3 h5 52. h4 gxh4
53. Kxf4 Kb6 54. Kg5 Kxa6 55. Kxh4 Kb6 56. Kxh5 Kc6 57. Kg6 Kd6 58. Kf6 1-0

[Event "Int. Stuttgarter Stadtmeisterschaft B"]
[Site "Ditzingen"]
[Date "2018.05.10"]
[Round "1.16"]
[White "Vaclahovsky, Gerhard"]
[Black "Speh, Hans"]
[Result "0-1"]
[WhiteElo "1692"]
[BlackElo "1830"]
[PlyCount "94"]
[EventDate "2018.??.??"]
[WhiteTeam "SK Keres-Augsburg 1980"]
[BlackTeam "TSV Willsbach"]

1. e4 c6 2. d4 d5 3. exd5 cxd5 4. Nf3 Nc6 5. c3 Bg4 6. Be2 e6 7. O-O Bd6 8. Be3
Qc7 9. h3 Bh5 10. Nbd2 Nf6 11. Re1 O-O 12. Qc2 a6 13. Nh4 Bxe2 14. Rxe2 b5 15.
Rc1 Rac8 16. a3 Qb8 17. Nhf3 b4 18. axb4 Qb5 19. Qd1 Nxb4 20. cxb4 Rxc1 21.
Qxc1 Qxe2 22. g3 Bxb4 23. Kg2 Bxd2 24. Nxd2 Qb5 25. Bf4 Qb7 26. Nf3 Rc8 27. Qd2
Ne4 28. Qe2 f6 29. Ne1 g5 30. Be3 Re8 31. f3 Nd6 32. h4 h6 33. f4 Nf5 34. fxg5
hxg5 35. hxg5 Nxe3+ 36. Qxe3 Qxb2+ 37. Kf3 Qb1 38. g4 f5 39. Nd3 Qh1+ 40. Kg3
Qe4 41. Qxe4 fxe4 42. Nc5 a5 43. Kf4 Rf8+ 44. Ke5 e3 45. Nd3 a4 46. Kxe6 a3 47.
Nc1 Rc8 0-1

[Event "Int. Stuttgarter Stadtmeisterschaft B"]
[Site "Ditzingen"]
[Date "2018.05.10"]
[Round "1.17"]
[White "Strauss, Martin"]
[Black "Lerche, Philipp"]
[Result "0-1"]
[WhiteElo "1810"]
[BlackElo "1694"]
[PlyCount "99"]
[EventDate "2018.??.??"]
[WhiteTeam "SC Sillenbuch"]
[BlackTeam "SC Weiße Dame Ulm e.V."]

1. e4 c5 2. Nf3 d6 3. Bb5+ Nd7 4. Nc3 a6 5. Bc4 e6 6. a4 b6 7. d3 Ngf6 8. Bg5
Be7 9. O-O O-O 10. Re1 Bb7 11. Qe2 Re8 12. Bb3 Qc7 13. Nd2 h6 14. Bf4 Bc6 15.
Nc4 b5 16. Nd2 Qb7 17. Qf3 Nb6 18. axb5 axb5 19. Ne2 c4 20. Ba2 Ra7 21. Be3
Rea8 22. Bxb6 Qxb6 23. Nc1 Nd7 24. dxc4 Ne5 25. Qb3 Bg5 26. Nf3 Nxf3+ 27. gxf3
Qa5 28. Nd3 bxc4 29. Qxc4 Qb5 30. Qd4 Rxa2 31. Rxa2 Rxa2 32. Qxd6 Ra7 33. c4
Qb7 34. Ne5 Bf4 35. Qd8+ Kh7 36. Nd3 Bg5 37. Qd4 Ra8 38. f4 Re8 39. Qe3 Be7 40.
Ra1 Qb3 41. Ne5 Qxe3 42. fxe3 Bxe4 43. Nxf7 Rb8 44. Ra2 Bc5 45. Kf2 Rb3 46. Ra5
Bxe3+ 47. Ke2 Bxf4 48. Rb5 Rxb5 49. cxb5 Bc7 50. Ke3 0-1

[Event "Int. Stuttgarter Stadtmeisterschaft B"]
[Site "Ditzingen"]
[Date "2018.05.10"]
[Round "1.18"]
[White "Hader, Sören"]
[Black "Hofmeister, Frank"]
[Result "1-0"]
[WhiteElo "1722"]
[BlackElo "1850"]
[PlyCount "105"]
[EventDate "2018.??.??"]
[WhiteTeam "Schlotheimer SV"]
[BlackTeam "SV Mattnetz Berlin"]

1. e4 c5 2. Nf3 Nc6 3. d4 cxd4 4. Nxd4 g6 5. Nc3 Bg7 6. Be3 Nf6 7. Be2 a6 8.
Qd2 O-O 9. O-O Re8 10. f3 Qc7 11. Rac1 b5 12. Nxc6 dxc6 13. Rfd1 Be6 14. Bf4
Qa5 15. Qe3 b4 16. Nb1 Nh5 17. c3 bxc3 18. Nxc3 Nxf4 19. Qxf4 Qb6+ 20. Kh1 Qxb2
21. Qe3 Red8 22. e5 Bxa2 23. Nxa2 Qxa2 24. f4 Rxd1+ 25. Bxd1 Qe6 26. Qb6 Qf5
27. Qxc6 Rd8 28. Qf3 g5 29. g3 gxf4 30. Bc2 Qxe5 31. Qxf4 Qxf4 32. gxf4 Rc8 33.
Bxh7+ Kxh7 34. Rxc8 a5 35. Rc5 Bh6 36. Rc4 Kg6 37. Kg2 Kf5 38. Kf3 f6 39. Rc5+
e5 40. fxe5 fxe5 41. Rxa5 Bg5 42. Ra4 Be7 43. Rg4 Bd6 44. h3 Be7 45. Rg8 Bg5
46. Rf8+ Bf6 47. Kg3 Kg5 48. h4+ Kf5 49. Rg8 Be7 50. h5 e4 51. h6 Bd6+ 52. Kf2
e3+ 53. Ke2 1-0

[Event "Int. Stuttgarter Stadtmeisterschaft B"]
[Site "Ditzingen"]
[Date "2018.05.10"]
[Round "1.19"]
[White "Pranjic, Daniel"]
[Black "Zipperer, Simon"]
[Result "1/2-1/2"]
[WhiteElo "1782"]
[BlackElo "1571"]
[PlyCount "81"]
[EventDate "2018.??.??"]
[WhiteTeam "SG Ludwigsburg"]
[BlackTeam "SC Magstadt"]

1. e4 e5 2. Nf3 Nf6 3. Nxe5 d6 4. Nf3 Nxe4 5. d4 d5 6. Bd3 Bd6 7. O-O O-O 8. c4
c6 9. h3 Bf5 10. Qc2 Bg6 11. Ne5 Na6 12. a3 Bxe5 13. dxe5 Nac5 14. Nc3 Nxd3 15.
Qxd3 Nxf2 16. Qf3 Ne4 17. cxd5 cxd5 18. Be3 Nxc3 19. bxc3 f6 20. Bc5 Re8 21.
exf6 gxf6 22. Rad1 Be4 23. Qxf6 Qxf6 24. Rxf6 b6 25. Bd6 Rad8 26. Rdf1 Bg6 27.
R1f3 Rd7 28. Bf4 Rf7 29. Rxf7 Kxf7 30. Bb8+ Kg7 31. Bxa7 Ra8 32. Bxb6 Rxa3 33.
Bc5 Ra8 34. Kh2 Be4 35. Rf4 Ra2 36. Bf2 Rc2 37. Bd4+ Kg6 38. Rg4+ Kf5 39. Rg7
Ke6 40. Kg1 Kd6 41. Kh2 1/2-1/2

[Event "Int. Stuttgarter Stadtmeisterschaft B"]
[Site "Ditzingen"]
[Date "2018.05.10"]
[Round "1.20"]
[White "Kluge, Malte"]
[Black "Lerner, Jürgen"]
[Result "0-1"]
[WhiteElo "1584"]
[BlackElo "1872"]
[PlyCount "132"]
[EventDate "2018.??.??"]
[WhiteTeam "SF Kornwestheim"]
[BlackTeam "SC Ãœberlingen"]

1. d4 d5 2. c4 e6 3. Nc3 Nf6 4. cxd5 exd5 5. Bg5 Be7 6. e3 O-O 7. Bd3 h6 8. Bh4
c6 9. Qc2 Be6 10. Nf3 Nbd7 11. O-O Rc8 12. Rab1 c5 13. dxc5 Nxc5 14. Bf5 Nfe4
15. Bxe6 fxe6 16. Rfc1 Nxc3 17. bxc3 Ne4 18. Bxe7 Qxe7 19. Rb3 Rc7 20. Qb2 Nc5
21. Ne5 Nxb3 22. Qxb3 Qf6 23. f4 d4 24. exd4 Qxf4 25. Qxe6+ Kh7 26. Qg6+ Kh8
27. Qc2 Qe3+ 28. Kh1 Rf2 29. Qd1 Qe4 30. Nf3 Qe2 31. Qxe2 Rxe2 32. d5 Rd7 33.
Rd1 b5 34. Kg1 Re3 35. Kf2 Re8 36. Nh4 Red8 37. Ng6+ Kh7 38. Nf4 Kg8 39. Ng6
Rd6 40. Nf4 g5 41. Nh5 Kf7 42. h4 Rxd5 43. Rxd5 Rxd5 44. Ke3 Kg6 45. g4 Rd1 46.
hxg5 Kxg5 47. Kf3 Rd3+ 48. Ke4 Rxc3 49. Ng7 Kxg4 50. Kd4 Rc4+ 51. Kd5 h5 52.
Nxh5 Kxh5 53. Kd6 a5 54. Kd5 Kg5 55. Kd6 Kf5 56. Kd5 Kf4 57. a3 Ke3 58. Kd6 Ke4
59. Kd7 Kd5 60. Ke7 Rc6 61. Kf7 Ke5 62. Ke7 Rc7+ 63. Kf8 Ke6 64. Kg8 Kf6 65.
Kh8 Kg6 66. Kg8 Rc8# 0-1

[Event "Int. Stuttgarter Stadtmeisterschaft B"]
[Site "Ditzingen"]
[Date "2018.05.10"]
[Round "2.1"]
[White "Lehmann, Joachim"]
[Black "Unger, Franz"]
[Result "0-1"]
[WhiteElo "1784"]
[BlackElo "1978"]
[PlyCount "120"]
[EventDate "2018.??.??"]
[WhiteTeam "Ilmenauer SV"]
[BlackTeam "SK Sachsenheim"]

1. d4 Nf6 2. Nf3 e6 3. Bf4 c5 4. e3 b6 5. Nbd2 Bb7 6. Bd3 d6 7. h3 Be7 8. O-O
O-O 9. c3 Nbd7 10. Nc4 Qc7 11. b4 Nd5 12. bxc5 bxc5 13. Bg3 N7b6 14. Nxb6 axb6
15. Qc2 Nf6 16. Nd2 Qc6 17. f3 cxd4 18. cxd4 Qxc2 19. Bxc2 Rfc8 20. Bb3 d5 21.
Rac1 Ba6 22. Rfd1 Be2 23. Re1 Bd3 24. Kf2 Bb4 25. Rxc8+ Rxc8 26. Rd1 b5 27. Nb1
Bc4 28. Nd2 Ra8 29. Nb1 Kf8 30. Bxc4 dxc4 31. a3 Be7 32. Nc3 Rxa3 33. Nxb5 Ra2+
34. Kf1 Nd5 35. Re1 c3 36. e4 Rb2 37. exd5 Rxb5 38. d6 Bg5 39. f4 Bf6 40. Rc1
Bxd4 41. Be1 Rc5 42. Ke2 Ke8 43. Kd3 Bf6 44. Kc2 Kd7 45. Ra1 Kxd6 46. Ra7 Rc7
47. Rxc7 Kxc7 48. Bxc3 Bxc3 49. Kxc3 h5 50. h4 f6 51. Kd4 Kd6 52. Ke4 Kc5 53.
g3 g6 54. Kd3 Kd5 55. Ke3 e5 56. Kd3 e4+ 57. Ke3 f5 58. Ke2 Kd4 59. Kd2 e3+ 60.
Ke2 Ke4 0-1

[Event "Int. Stuttgarter Stadtmeisterschaft B"]
[Site "Ditzingen"]
[Date "2018.05.10"]
[Round "2.2"]
[White "Winkler, Tim"]
[Black "Stiefelmeyer, Michael"]
[Result "1-0"]
[WhiteElo "1903"]
[BlackElo "1683"]
[PlyCount "63"]
[EventDate "2018.??.??"]
[WhiteTeam "SF Deizisau"]
[BlackTeam "SF Nabern"]

1. e4 e5 2. Nf3 Nf6 3. Nc3 Bb4 4. Bc4 O-O 5. d3 d6 6. Bd2 Qe7 7. a3 Ba5 8. b4
Bb6 9. Bg5 c6 10. O-O Be6 11. Nd2 Nbd7 12. Bxe6 Qxe6 13. Nc4 Bd4 14. Qd2 Nxe4
15. Nxe4 Bxa1 16. Nexd6 b5 17. Rxa1 bxc4 18. Nxc4 f6 19. Be3 Rfd8 20. Qc3 a6
21. Re1 Rac8 22. f4 Qd5 23. fxe5 fxe5 24. Bf2 Re8 25. Qb3 Kh8 26. Bg3 c5 27.
Qa4 cxb4 28. axb4 Re6 29. h3 Rce8 30. Nxe5 Nxe5 31. Bxe5 Rxe5 32. Qxe8+ 1-0

[Event "Int. Stuttgarter Stadtmeisterschaft B"]
[Site "Ditzingen"]
[Date "2018.05.10"]
[Round "2.3"]
[White "Grünert, Thomas"]
[Black "Jantos, Stefan"]
[Result "1/2-1/2"]
[WhiteElo "1743"]
[BlackElo "1831"]
[PlyCount "33"]
[EventDate "2018.??.??"]
[WhiteTeam "SF Illingen"]
[BlackTeam "SF Oeffingen"]

1. d4 d5 2. Nf3 Nf6 3. e3 e6 4. Bd3 c5 5. c3 Bd6 6. Nbd2 O-O 7. O-O Nbd7 8. e4
dxe4 9. Nxe4 Nxe4 10. Bxe4 f5 11. Bc2 cxd4 12. Qxd4 Bc5 13. Qc4 Qb6 14. Bf4 Kh8
15. b4 Be7 16. Rfe1 Nf6 17. Bc7 1/2-1/2

[Event "Int. Stuttgarter Stadtmeisterschaft B"]
[Site "Ditzingen"]
[Date "2018.05.10"]
[Round "2.4"]
[White "Wibel, Stefan"]
[Black "Oliva, Jan"]
[Result "0-1"]
[WhiteElo "1796"]
[BlackElo "1841"]
[PlyCount "76"]
[EventDate "2018.??.??"]
[WhiteTeam "SF Bad Grönenbach"]

1. d4 d5 2. Nf3 Nf6 3. e3 e6 4. Bd3 c5 5. c3 Nc6 6. O-O Be7 7. Nbd2 O-O 8. b3
b6 9. Bb2 Bb7 10. Ne5 Re8 11. f4 Bf8 12. Ndf3 h6 13. Qe1 Ne4 14. Nd2 f5 15. Qe2
Nxe5 16. dxe5 Nxd2 17. Qxd2 g5 18. Qf2 g4 19. Rad1 Re7 20. c4 Qe8 21. cxd5 Bxd5
22. Bxf5 Qh5 23. e4 Bb7 24. Bxe6+ Rxe6 25. f5 Ree8 26. f6 Qf7 27. Qf5 Bc8 28.
Qf4 Be6 29. Rd2 Red8 30. Rfd1 Rxd2 31. Rxd2 Qg6 32. Rd3 Rc8 33. Rd5 c4 34. bxc4
Rxc4 35. Rd8 Kf7 36. Rb8 Bc5+ 37. Kh1 Qxe4 38. Qxe4 Rxe4 0-1